000 00776nam a2200289 a 4500
003 AR-BaBNM
005 20251128203846.0
008 082120s2002 ||||||||||||||000 | spa||
040 _cAR-BaBNM
100 1 _aCoppola, Horacio
245 0 0 _aBuenos Aires
_bvisión fotográfica
250 _a2ª ed.
260 _aBuenos Aires
_bMunicipalidad de la Ciudad de Buenos Aires
_c1937
300 _a226 p.
_bil.
650 4 _aBARRIOS
650 4 _aMONUMENTOS HISTORICOS
650 4 _aHISTORIA DE BUENOS AIRES
650 4 _aBIENES CULTURALES
650 4 _aARQUITECTURA
650 4 _aURBANISMO
650 4 _aEDIFICIOS
651 4 _aBuenos Aires [Capital Federal]
700 1 _aPrebisch, Alberto
700 1 _aAnzoategui, Ignacio B.
942 _cBK
998 _cMARTIN
999 _c5217
_d5217